| 000 | 00349nam a22001577a 4500 | ||
|---|---|---|---|
| 003 | CEME | ||
| 005 | 20210628201633.0 | ||
| 008 | 210107b xxu||||| |||| 00| 0 eng d | ||
| 040 | _c. | ||
| 082 | _a623.4 RMC | ||
| 100 |
_aRMC _956112 |
||
| 245 | _aHeavy weapons mortors handbook | ||
| 260 |
_aUK _bRMCS _c2015 |
||
| 300 | _a65P | ||
| 942 |
_cBK _2ddc |
||
| 999 |
_c566634 _d566634 |
||